MARC details
| 000 -CABECERA |
| campo de control de longitud fija |
02202nam a2200313 4500 |
| 003 - IDENTIFICADOR DEL NÚMERO DE CONTROL |
| campo de control |
EC-UNACH |
| 005 - FECHA Y HORA DE LA ÚLTIMA TRANSACCIÓN |
| campo de control |
20251007122831.0 |
| 006 - CÓDIGOS DE INFORMACIÓN DE LONGITUD FIJA--CARACTERÍSTICAS DEL MATERIAL ADICIONAL |
| campo de control de longitud fija |
s||||gr|||| 00| 00 |
| 008 - DATOS DE LONGITUD FIJA--INFORMACIÓN GENERAL |
| campo de control de longitud fija |
150116t9999 mx r gr 000 0 spa d |
| 020 ## - NÚMERO INTERNACIONAL ESTÁNDAR DEL LIBRO |
| Número Internacional Estándar del Libro |
978-958-648-486-2 |
| 040 ## - FUENTE DE LA CATALOGACIÓN |
| Centro catalogador/agencia de origen |
EC-UNACH |
| Centro/agencia transcriptor |
EC-UNACH |
| 041 ## - CÓDIGO DE LENGUA |
| Código de lengua del texto/banda sonora o título independiente |
spa |
| 082 04 - NÚMERO DE LA CLASIFICACIÓN DECIMAL DEWEY |
| Número de edición |
23 |
| Número de clasificación |
620.86 |
| Número de documento/Ítem |
L011561 |
| 110 ## - ENTRADA PRINCIPAL--NOMBRE DE ENTIDAD CORPORATIVA |
| Nombre de entidad corporativa o nombre de jurisdicción como elemento de entrada |
Ecoe Ediciones |
| 245 ## - MENCIÓN DE TÍTULO |
| Título |
Riesgos Físicos III : Temperaturas Extremas y Ventilación |
| 250 ## - MENCIÓN DE EDICIÓN |
| Mención de edición |
Reimpresión edición |
| 264 ## - Producción, publicación, distribución, fabricación y copyright |
| Lugar de producción, publicación, distribución, fabricación |
Bogotá |
| Nombre del de productor, editor, distribuidor, fabricante |
Ecoe Ediciones |
| Fecha de de producción, publicación, distribución, fabricación o copyright |
2008 |
| 300 ## - DESCRIPCIÓN FÍSICA |
| Extensión |
140 páginas |
| Otras características físicas |
Figuras |
| 505 ## - NOTA DE CONTENIDO CON FORMATO |
| Nota de contenido con formato |
PRIMERA PARTE. TEMPERATURAS EXTREMAS -- Calor -- Frío -- Fisiología -- Sistema aislante del organismo -- Equilibrio entre la producción y la pérdida de calor -- Mecanismo para reducir la temperatura corporal. Glosario de términos Calor -- Conducción -- Convección -- Radiación -- Evaporación -- Confort térmico -- Temperatura del aire -- Velocidad de movimiento del aire -- Contenido de humedad del aire -- Temperatura radiante de sólidos vecinos -- Unidades de calor. Perturbaciones debidas al calor Tensión térmica -- Golpe de calor -- Síncope por calor (colapso debido al calor) -- Postración anhidrótica por el calor (deshidratación) -- Postración de calor con depleción de sal -- Calambres por el calor -- Enfermedades de las glándulas sudoríparas. Fatiga transitoria por el calor Edema por calor -- Otros efectos del calor -- Medición de factores ambientales -- Temperatura del aire -- Humedad del aire -- Velocidad de movimiento del aire -- Calor radiante -- Termómetro de bulbo húmedo para ""condiciones naturales"" Requisitos y procedimientos Tipos y características de los equipos -- Medidor de temperaturas -- Medidor de humedad -- Medidor de velocidad del aire -- Medidor de calor radiante -- Medidor de estrés térmico -- Índice de temperatura de globo y bulbo húmedo (TGBH). |
| 650 ## - PUNTO DE ACCESO ADICIONAL DE MATERIA--TÉRMINO DE MATERIA |
| Término de materia o nombre geográfico como elemento inicial |
FISIOLOGÍA |
| 650 ## - PUNTO DE ACCESO ADICIONAL DE MATERIA--TÉRMINO DE MATERIA |
| Término de materia o nombre geográfico como elemento inicial |
UNIDADES DE CALOR |
| 650 ## - PUNTO DE ACCESO ADICIONAL DE MATERIA--TÉRMINO DE MATERIA |
| Término de materia o nombre geográfico como elemento inicial |
AIRE ATMOSFÉRICO |
| 650 ## - PUNTO DE ACCESO ADICIONAL DE MATERIA--TÉRMINO DE MATERIA |
| Término de materia o nombre geográfico como elemento inicial |
TEMPERATURAS EXTREMAS |
| 700 ## - PUNTO DE ACCESO ADICIONAL--NOMBRE DE PERSONA |
| Nombre de persona |
Henao Robledo, Fernando |
| 942 ## - ELEMENTOS DE PUNTO DE ACCESO ADICIONAL (KOHA) |
| Tipo de ítem Koha |
Libros |
| Fuente del sistema de clasificación o colocación |
Clasificación Decimal Dewey |
| 999 ## - NÚMEROS DE CONTROL DE SISTEMA (KOHA) |
| Koha biblionumber |
13989 |